Calciatori e Anno di nascita - Quiz n°18 - Statistics

Statistiche generali
  • Questo quiz è stato fatto 12 volte
  • Il punteggio medio è 4 su 10
Statistiche sulle risposte
Hint Risposta % Corretto
Jordan Pickford 1994
64%
Marco Borriello 1982
55%
Amauri 1980
45%
Federico Bonazzoli 1997
45%
Arturo Vidal 1987
36%
Angelo Ogbonna 1988
36%
Adem Ljajić 1991
36%
Mattia De Sciglio 1992
36%
Marcelo Estigarribia 1987
18%
Seko Fofana 1995
18%
Nessun quiz corrispondente trovato
Distribuzione punteggi
Percentuale di utenti per punteggio
Percentile per numero di risposta
I tuoi punteggi nel tempo
Non hai fatto questo quiz